02599nam a2200361uu 4500001000800000005001700008008004100025020001800066035001200084035002100096040001300117041000800130082000800138100007200146245005800218250001700276260005100293300005500344505009000399505104900489520039301538650001601931650001401947650002601961650002801987650002702015650003802042650005002080650002602130650003002156650001702186650003402203104178020260507075139.0070817s2007 spa  a9789701061732 a1041780 a(OCoLC)318384367 ccomduadb aspa 4a53610aCengel, Yunus A.4aut0(isni)00000000666751240(viaf) 50749431eaut10aTransferencia de calor y masa : un enfoque práctico a3. edición aMéxico :bMcGraw-Hill Interamericana,c2007. a901 páginas :bilustraciones +e1 disco compacto80tHeat and mass transfer : a practical approach : Engineering equation solver (EES) : aCONTENIDO : Introducción. -- Componentes básicos y circuitos eléctricos. -- Leyes de voltaje y corriente. -- Análisis nodal y de malla básicos. -- Técnicas de análisis de circuitos útiles. -- El amplificador operacional. -- Capacitores e inductores. -- Circuitos RL y RC básicos. -- El circuito RLC. -- Análisis de estado permanente senoidal. -- Análisis de circuitos de potencia de CA. -- Circuitos polifásicos. -- Circuitos acoplados magnéticamente. -- Frecuencia compleja y la transformada de Laplace. -- Análisis de circuitos en el dominio de s. -- Respuesta en frecuencia. -- Redes de dos puertos. -- Análisis de circuitos de Fourier. -- Apéndice 1: Una introducción a la topología de redes. -- Apéndice 2: Solución de ecuaciones simultáneas. -- Apéndice 3: Una prueba del teorema de Thévenin. -- Apéndice 4: Tutorial de PSpice. -- Apéndice 5: Números complejos. -- Apéndice 6: Breve tutorial de Matlab. -- Apéndice 7: Teoremas adicionales de la transformada de Laplace. -- Índice.3 aRESEÑA : Se trata de un texto clásico y clave en la materia de circuitos eléctricos. Entre sus características principales está su gran enfoque pedagógico, pues por la manera en la que presenta los temas supera a otros títulos de la competencia. Para reforzar este enfoque, el diseño del texto es mucho más amigable y cuenta además con múltiples recursos en línea. 7aCalor2lemb aEnergía 7aTermodinámica2lemb aConductividad térmica aConducción del calor aCalor - Radiación y absorción aBalance de energía (Ingeniería química) aResistencia térmica aIntercambiadores de calor aNomenclatura 7aTransmisión del calor2lemb